| 000 | 01003nam a22002897a 4500 | ||
|---|---|---|---|
| 003 | BUBTL | ||
| 008 | 231005b ||||| |||| 00| 0 eng d | ||
| 020 | _a9789332520615 | ||
| 041 | _aeng | ||
| 082 | _a658.1511/ At541m/ 2014 | ||
| 100 |
_91555 _aAtkinson, Anthony A. |
||
| 245 |
_aManagement Accounting : _bInformation for decision-making and strategy execution / _cAnthony A. Atkinson...[et al]. |
||
| 250 | _a6th ed | ||
| 260 |
_aChennai : _bPearson, _cc2014 |
||
| 300 |
_aviii, 800 p. : _bills.; _c24 cm. |
||
| 500 | _aIncludes Index | ||
| 505 | _aManagement Accounting, Management, Accounting, Anthony A. Atkinson, Robert S. Kaplan, Ella Mae Matsumura, S. Mark Young, G. Arun Kumar | ||
| 526 | _aManagement | ||
| 650 | 0 |
_939 _aManagement |
|
| 700 |
_95500 _aKaplan, Robert S. |
||
| 700 |
_95501 _aMatsumura, Ella Mae |
||
| 700 |
_95502 _aYoung, S. Mark |
||
| 700 |
_95503 _aKumar, G. Arun |
||
| 856 |
_k0 _l0 _yDownload |
||
| 942 |
_2ddc _cBK |
||
| 999 |
_c7106 _d7106 |
||